Il re deve morire : romanzo /

Salvato in:
Dettagli Bibliografici
Autore principale: Renault, Mary (Autore)
Altri autori: Bianciardi, Luciano
Natura: Libro
Lingua:italiano
Pubblicazione: Milano : Corbaccio, \1997!
Serie:Scrittori di tutto il mondo ; 26
Tags: Aggiungi Tag
Nessun Tag, puoi essere il primo ad aggiungerne!!

MARC

LEADER 00000nam a2200000 i 4500
001 IT\ICCU\LO1\0428540
003 ItRI
005 20241227101748.0
008 970428s1997 it |||||| ||||| |||||c
015 |2 IT  |a 97-10692 
020 |a 8879722115 
040 |b ita  |c Arcigay Rimini 
041 7 |a ita  |2 ISO-639-2 
082 |a 823.914  |2 20 
100 1 |a Renault, Mary  |0 IT\ICCU\CFIV\060609  |4 aut 
240 1 4 |a The king must die.  |9 Renault, Mary 
245 1 3 |a Il re deve morire :  |b romanzo /  |c Mary Renault ; traduzione di Luciano Bianciardi. 
260 |a Milano :  |b Corbaccio,  |c \1997! 
300 |a 382 p. ;  |c 21 cm. 
700 1 |a Bianciardi, Luciano  |0 IT\ICCU\CFIV\053109 
830 0 |a Scrittori di tutto il mondo ;  |v 26  |0 IT\ICCU\RAV\0081924 
942 |2 ddc  |c BK 
952 |0 0  |1 0  |2 ddc  |4 0  |6 823_914000000000000_REN_ILR  |7 1  |9 2386  |a RN  |b RN  |d 2024-12-27  |l 0  |o 823.914 REN ILR  |p 9839  |r 2024-12-27 10:18:29  |w 2024-12-27  |y BK 
981 1 |6 z01  |a i   |b xxxe  
982 1 |6 z01  |a n 
999 |c 2084  |d 2084